000 00661cam a22002053a 4500
001 35183
003 PGUSA
005 20140828083746.0
008 110206s2011||||xxu|||||s|||||000 | eng d
040 _aPGUSA
_beng
042 _adc
100 1 _aScoresby, William
245 1 0 _aMemorials of the Sea :
_bMy Father: Being Records of the Adventurous Life of the Late William Scoresby, Esq. of Whitby
_h[electronic resource] /
_cWilliam Scoresby
260 _bProject Gutenberg,
_c2011
506 _aPublic domain in the USA.
516 _aElectronic text
830 0 _aProject Gutenberg
_v35183
856 4 0 _uhttp://www.gutenberg.org/ebooks/35183
942 _cEB
999 _c264438
_d264438